Country Quiz: Wakanda Stats

 Plays Quiz Updated Feb 18, 2018

Score 0/24 Timer 06:00
2 Plays Today
Hint Answer % Correct
Flag ColorBlack
86.2%
ContinentAfrica
81.1%
Flag ColorRed
79.3%
Flag ColorGreen
78.9%
Number of Major Tribes5
67.6%
Title of RulerBlack Panther
66.1%
Head of StateT'Challa
65.4%
Primary LanguageWakandan
64.5%
Nationality (Demonym)Wakandan
63.4%
Drives on the...Right
56.3%
Form of GovernmentMonarchy
53.8%
Primary ExportVibranium
52.1%
Hint Answer % Correct
Previous Head of StateT'Chaka
43.4%
Bordering CountryKenya
42%
Bordering CountryUganda
34.4%
Bordering CountryEthiopia
31.6%
Official NameKingdom of Wakanda
31.2%
CurrencyWakandan Dollar
25.7%
Bordering CountrySouth Sudan
25.5%
Isolated TribeJabari
22.3%
Bordering Body of WaterLake Nyanza
21.1%
Largest ReligionPanther Cult
11.1%
Capital CityBirnin Zana
8.1%
Largest CityBirnin Zana
8.1%

You're not logged in!

Compare scores with friends on all Sporcle quizzes.
OR
Log In

Sporcle TV

Today on Sporcle TV


Watch our educational content, quiz creation guides, and fun videos on Sporcle TV.

Show Comments

Extras

Top Quizzes Today


Score Distribution

Your Account Isn't Verified!

In order to create a playlist on Sporcle, you need to verify the email address you used during registration. Go to your Sporcle Settings to finish the process.

Report this User

Report this user for behavior that violates our Community Guidelines.

Details: